| 000 | 00580nam a22002052 4500 | ||
|---|---|---|---|
| 001 | 0000024000 | ||
| 005 | 20151217154507.0 | ||
| 008 | 130425s xx 000 0 eng d | ||
| 020 | _a0195677951 : | ||
| 040 |
_aKABU _cKABU |
||
| 100 | 1 |
_aBedi, Kanishka. _@0000183869 |
|
| 245 | 1 | 0 |
_aQuality management / _cKanishka Bedi. |
| 250 | _a1st ed. | ||
| 260 |
_aNew Delhi : _bO. U. P., _c2006. |
||
| 300 | _axi, 712 p. | ||
| 650 | 0 |
_aTotal quality management. _@0000150880 |
|
| 852 | 1 | _9p1650 KES | |
| 908 | _a130425 | ||
| 950 | _@1 | ||
| 999 |
_c11514 _d11514 |
||